Szczegóły MARC21

Action research in the Lower Silesia cluster colleges within Prince Project : developing learner independence : April 1995 - August 1996 /

003 -Nazwa inst., której nr kontr. jest w polu 001 [,]
    • @
    • Nazwa instytucji, której n kontrolny jest w polu 001
    • NUKAT
005 -DATA I CZAS OSTATNIEJ MODYFIKACJI [,]
    • @
    • pole kontrolne
    • 20241231092351.0
040 -Instytucja sporządzająca opis [ , ]
    • a
    • Instytucja, która sporządziła opis (NP)
    • WR O/IS
    • c
    • Instytucja, która sporządziła rekord (NP)
    • WR O/IS
    • d
    • Instytucja, która zmodyfikowała rekord (P)
    • WR O/PC
    • d
    • Instytucja, która zmodyfikowała rekord (P)
    • WR O/ISs
    • d
    • Instytucja, która zmodyfikowała rekord (P)
    • WA U/BO
    • d
    • Instytucja, która zmodyfikowała rekord (P)
    • KR U/63TgZ
942 -Rodzaj dokumentu [ , ]
    • c
    • Rodzaj dokumentu
    • Książka
245 -Strefa tytułu i oznaczenia odpowiedzialności [0,0]
    • a
    • Tytuł
    • Action research in the Lower Silesia cluster colleges within Prince Project : Find
    • b
    • Ciąg dalszy tytułu (NP)
    • developing learner independence : April 1995 - August 1996 / Find
    • c
    • Pozostałe elementy strefy tytułu i oznaczenia odpowiedzialności (NP)
    • ed. by Anna Michońska-Stadnik and Małgorzata Szulc-Kurpaska.
260 -Strefa adresu wydawniczego [ , ]
    • a
    • Miejsce wydania (P)
    • Legnica :
    • b
    • Nazwa wydawcy (P)
    • Orbis Linguarum ;
    • a
    • Miejsce wydania (P)
    • [Wrocław] :
    • b
    • Nazwa wydawcy (P)
    • British Council,
    • c
    • Data wydania (P)
    • 1997.
300 -Strefa opisu fizycznego [ , ]
    • a
    • Określenie formy książki i/lub objętość (NP)
    • 115 s. ;
    • c
    • Format (NP)
    • 24 cm.
336 -Typ zawartości [ , ]
    • a
    • Termin opisujący typ zawartości
    • Tekst
    • b
    • Kod określający zawartość
    • txt
    • 2
    • Źródło (terminu i kodu)
    • rdacontent
337 -Typ mediów [ , ]
    • a
    • Tryb odtwarzania
    • Bez urządzenia pośredniczącego
    • b
    • Kod typu mediów
    • n
    • 2
    • Źródło (terminu i kodu)
    • rdamedia
338 -Typ/rodzaj nośnika [ , ]
    • a
    • Hasło opisujące typ nośnika
    • Wolumin
    • b
    • Kod typu nośnika
    • nc
    • 2
    • Źródło (terminu i kodu)
    • rdacarrier
490 -Strefa serii i książki wielotomowej - forma nie do wyszukiwania [1, ]
    • a
    • Tytuł (P)
    • Special Editions of Orbis Linguarum ; Find
    • v
    • Numeracja (P)
    • vol. 2
830 -Hasło dodatkowe serii i opisu książki wielotomowej - tytuł ujednolicony/tytuł [ ,0]
    • a
    • Tytuł ujednolicony/tytuł (NP)
    • Beihefte zum Orbis Linguarum
    • x
    • ISSN
    • 2719-4752
    • v
    • Oznaczenie tomu (NP)
    • Bd. 2.
    • 9
    • KHW
    • 12590
500 -Uwaga ogólna [ , ]
    • a
    • Uwaga ogólna (NP)
    • Nr ISSN serii gł.: 1426-7241.
504 -Uwaga dot. bibliogr. załącznikowej [ , ]
    • a
    • Uwaga dot. bibliografii załącznikowej
    • Bibliogr. przy art.
080 -Uniwersalna Klasyfikacja Dziesiętna [ , ]
    • a
    • Symbol klasyfikacji
    • 372.880.20=20
080 -Uniwersalna Klasyfikacja Dziesiętna [ , ]
    • a
    • Symbol klasyfikacji
    • :800.7=20
080 -Uniwersalna Klasyfikacja Dziesiętna [ , ]
    • a
    • Symbol klasyfikacji
    • :37.041=20
650 -Hasło przedmiotowe [ ,7]
    • a
    • Hasło przedmiotowe
    • Metody aktywne (edukacja)
    • z
    • Określnik geograficzny
    • Polska
    • z
    • Określnik geograficzny
    • Śląsk, Dolny (region)
    • y
    • Określnik chronologiczny
    • 1990-
    • v
    • Określnik formalny
    • konferencje.
    • 2
    • Źródło terminu
    • kaba
    • 9
    • KHW
    • 474570
650 -Hasło przedmiotowe [ ,7]
    • a
    • Hasło przedmiotowe
    • Język angielski
    • y
    • Określnik chronologiczny
    • 1990-
    • x
    • Określnik rzeczowy
    • studia i nauczanie
    • z
    • Określnik geograficzny
    • Polska
    • z
    • Określnik geograficzny
    • Śląsk, Dolny (region)
    • v
    • Określnik formalny
    • konferencje.
    • 2
    • Źródło terminu
    • kaba
    • 9
    • KHW
    • 474571
980 -Symbol UKD [ , ]
    • a
    • UKD
    • 372.880.20:800.7:37.041]=20
700 -Hasło dodatkowe - nazwa osobowa [1, ]
    • a
    • Nazwa osobowa (NP)
    • Michońska-Stadnik, Anna Find
    • d
    • Daty biograficzne (NP)
    • (1953- ).
    • e
    • Określenie rodzaju współpracy
    • Red.
    • 9
    • KHW
    • 412580
700 -Hasło dodatkowe - nazwa osobowa [1, ]
    • a
    • Nazwa osobowa (NP)
    • Szulc-Kurpaska, Małgorzata. Find
    • e
    • Określenie rodzaju współpracy
    • Red.
    • 9
    • KHW
    • 421721
931 -Powiązanie tyt. z wydaw. ciągłym [ , ]
    • a
    • Powiązanie tytułówki z wydaw. ciągłym
    • PATRZ WYDAWNICTWO CIĄGŁE
    • z
    • Numer rek. powiązanego
    • 119623